Countries By World News Headlines - Statistics

General Stats
  • This quiz has been taken 81 times
  • The average score is 11 of 16
Answer Stats
News Headline Countries % Correct
Trudeau Visits First Nations Community After Snubbing Indigenous Leader's Invitation Canada
97%
Merkel Says Migration Still Challenge for EU Germany
97%
...'s Queensland State to Open to Vaccinated Travelers Australia
96%
...Commemorates the 1961 Massacre of Algerians in Paris France
94%
... PM Says Fukushima Wastewater Release Can't Be Delayed Japan
94%
...Extends Auckland Lockdown in Battle on Delta Variant New Zealand
94%
Artist Recruits 300 for Nude Photo Near Dead Sea in ... Israel
79%
Maduro Ally Appears in Court to Face Corruption Charges Venezuela
77%
... Fires Ballistic Missile off Its East Coast North Korea
75%
At UN Court, ... Accuses Armenia of Ethnic Cleansing Azerbaijan
66%
Police Seize Over One Tonne of Cocaine in Tangier Port -Statement Morocco
66%
Hezbollah Leader Declares His Group Has 100,000 Fighters Lebanon
62%
... Military Airstrikes Hit Tigray Capital Ethiopia
49%
Bow-And-Arrow Attack Victims Likely Stabbed to Death Norway
47%
16 Americans, 1 Canadian Among Kidnapped Christian Missionaries in ... Ministries Group Haiti
31%
Thousands in ... Join Protests Against Bukele Government El Salvador
16%
No matching quizzes found
Score Distribution
Percent of People with Each Score
Percentile by Number Answered
Your Score History
You have not taken this quiz